Relief ("Megarian") Bowls in the National Museum in Warsaw
| Titel: | Relief ("Megarian") Bowls in the National Museum in Warsaw / Sabina Grzegrzółka |
|---|---|
| In: |
Muzeum Narodowe w Warszawie: Bulletin du Musée National de Varsovie, alle Artikel anzeigen |
| Veröffentlicht: | 2001 |
| Umfang: | Ill. |
| Format: | Aufsatz |
| Sprache: | Englisch | Vorliegende Ausgabe: | Online-Ausg. Heidelberg: Univ.-Bibl., 2015. - Online-Ressource. |
X
alg: 47175640
001A $06055:06-11-20
001B $03025:25-07-24 $t10:59:33.000
001D $06055:06-11-20
001U $0utf8
001X $00
002@ $0Oox
002C $aText $btxt $2rdacontent
002D $aComputermedien $bc $2rdamedia
002E $aOnline-Ressource $bcr $2rdacarrier
003@ $0471756407
004U $0urn:nbn:de:bsz:16-diglit-189509 $SV98
007A $0471756407 $aHEB
007I $0HHB-393815935
007I $0HHB-146381593X
009Q $SV98 $uhttp://digi.ub.uni-heidelberg.de/diglit/bmusvars2001/0109 $xH
010@ $aeng
011@ $a2001
011B $a2015
021A $aRelief ("Megarian") Bowls in the National Museum in Warsaw $hSabina Grzegrzółka
033N $pHeidelberg $nUniv.-Bibl.
033Q $aOnline-Ressource
034M $aIll.
037A $aEnthalten in: 42(2001), Seite 107-123
037G $aOnline-Ausg.
039B $aIn $8--Obvc--Muzeum Narodowe w Warszawie [Tb1]. Bulletin du Musée National de Varsovie. - Varsovie : Musée, 1960-2009. - Online-Ressource. - ISSN 0027-3791. - DOI 10.11588/diglit.17134. - urn:nbn:de:bsz:16-diglit-171349 $9320356507
044K $#MW $#The @National Museum in Warsaw $#Musée National Warschau $#National-Museum Warschau $#National Museum Warschau $#Museo Warschau $#Nationaal Museum Warschau $#Museo Nazionale Warschau $#Museo Nacional Varsovia $#Museo Nacional Warschau $#Nacionalʹnyj Muzej $#MNW $#Nationalmuseum Warschau $#Varšuvos Nacionalinis Muziejus $#Musée National de Varsovie $#Musée National Warszawa $#Państwowe Muzeum Narodowe w Warszawie $#Museo nazionale di Varsavia $#NMW National Museum, Warszawa $#National Museum of Warsaw $#National Museum Warszawa $#Nationalmuseum Warszawa $#Muzeum Narodowe Warszawa $#National Museum in Warsaw $#National-Museum Warszawa $71008386-8 $8Muzeum Narodowe w Warszawie [Tb1] $9041912837
044K $RGriechenland $#Griechenland, Antike Altertum $74093976-5 $8Griechenland$gAltertum [Tgz] $9085263532
044K $RReliefbecher $RHomerischer Becher $#Megarian bowls $74266787-2 $8Megarischer Becher [Ts1] $9086425609
044K $RAusgrabung $RBodendenkmal $#Bodenfund $#Bodenfunde $#Archäologische Funde $74071507-3 $8Funde [Tsz] $9085201480
045E $c700
045F $a709.438 $eDDC23BSB
045F/01 $a709
045F/03 $g438
045T $a9,10
lok: 47175640 3
exp: 47175640 3 1 #EPN
201B/01 $009-11-20 $t22:55:33.745
201C/01 $009-11-20
201U/01 $0utf8
203@/01 $01129102572
204U/01 $0urn:nbn:de:bsz:16-diglit-189509 $SV98
208@/01 $a09-11-20 $bl
lok: 47175640 78
exp: 47175640 78 1 #EPN
201B/01 $025-07-24 $t10:58:56.000
201C/01 $025-07-24
201U/01 $0utf8
203@/01 $01267713534
208@/01 $a25-07-24 $be
209A/01 $a/ $f000 $x00
209A/01 $ab*p $x01
220C/01 $aeja
244Z/01 $#Generalgouvernement Polen $#Polska $#Rzeczpospolita Polska $#Polska Rzeczpospolita Ludowa $#Poland $#Pologne $#République Polonaise $#Generalne Gubernatorstwo w Polsce $#Polish People's Republic $#Polska Rzeczpospolita Polen $#PRL $#RP $#Polen Generalgouvernement $#Polska Generalgouvernement $#Besetzte Polnische Gebiete $#Besetztes Gebiet in Polen $#Okupowane Polskie Obszary $#Obszary Okupowane w Polsce $#Volksrepublik Polen $#Polska Rosyjska $#Republic Polen $#Respublika Pol'ša $#Pol'skaja Narodnaja Respublika $#République de Pologne $#Polen Links der Weichsel $#Polska po Lewej Stronie Wisły $#Lenkija $#Polija $#Gubernija Carstva Pol'skago $#Republik Polen $74046496-9 $8--Tg1--Polen $x01 $9085129801
247C/01 $82080>Marburg/Lahn, Herder-Institut, Forschungsbibliothek, Bibliographieportal $9336309341
| LEADER | 00000caa a22000002c 4500 | ||
|---|---|---|---|
| 001 | 471756407 | ||
| 003 | DE-603 | ||
| 005 | 20240725105933.0 | ||
| 007 | cr|||||||||||| | ||
| 008 | 201106s2001 xx |||| o| u00||u|eng c | ||
| 024 | 7 | |a urn:nbn:de:bsz:16-diglit-189509 |2 urn | |
| 035 | |a (DE-599)HEB471756407 | ||
| 040 | |a DE-603 |b ger |c DE-603 |d DE-603 | ||
| 041 | |a eng | ||
| 082 | 0 | 4 | |8 1\u |a 709.438 |q DE-101 |2 23/BSB |
| 084 | |a 700 |q DE-101 |2 sdnb | ||
| 084 | |a 9,10 |2 ssgn | ||
| 085 | |8 1\u |b 709 | ||
| 085 | |8 1\u |z 2 |s 438 | ||
| 245 | 0 | 0 | |a Relief ("Megarian") Bowls in the National Museum in Warsaw |c Sabina Grzegrzółka |
| 264 | 0 | |c 2001 | |
| 300 | |b Ill. | ||
| 336 | |a Text |b txt |2 rdacontent | ||
| 337 | |a Computermedien |b c |2 rdamedia | ||
| 338 | |a Online-Ressource |b cr |2 rdacarrier | ||
| 500 | |a Enthalten in: 42(2001), Seite 107-123 | ||
| 530 | |a Online-Ausg. | ||
| 533 | |b Heidelberg |c Univ.-Bibl. |d 2015 |e Online-Ressource |7 s2015uuuuxx u| | ||
| 610 | 1 | 7 | |a Muzeum Narodowe w Warszawie |2 gnd |0 (DE-588)1008386-8 |0 (DE-603)041912837 |
| 650 | 7 | |a Megarischer Becher |0 (DE-588)4266787-2 |0 (DE-603)086425609 |2 gnd | |
| 650 | 7 | |a Funde |0 (DE-588)4071507-3 |0 (DE-603)085201480 |2 gnd | |
| 651 | 7 | |a Griechenland |g Altertum |0 (DE-588)4093976-5 |0 (DE-603)085263532 |2 gnd | |
| 773 | 0 | 8 | |i In |a Muzeum Narodowe w Warszawie |t Bulletin du Musée National de Varsovie |d Varsovie : Musée, 1960-2009 |h Online-Ressource |o 10.11588/diglit.17134 |o urn:nbn:de:bsz:16-diglit-171349 |x 0027-3791 |w (DE-603)320356507 |w (DE-600)2710807-7 |
| 856 | |u http://digi.ub.uni-heidelberg.de/diglit/bmusvars2001/0109 |x Verlag | ||
| 924 | 1 | |9 603 |a (DE-603)1129102572 |b DE-603 |c HES |d d | |
| 924 | 1 | |9 2080 |a (DE-603)1267713534 |b DE-2080 |c HES |d d |g / | |


